Statistiques concernant Mots cachés n°36

Cliquez ici pour prendre le quiz!

Statistiques générales

  • Ce quiz a été pris 49 fois
  • Le résultat moyen est 25 sur 25

Statistiques - réponses

QuestionTuileSelect% Correct
fêter, flop, pote et lotA
100%
fêter, flop, pote et lotB
100%
fêter, flop, pote et lotE
100%
fêter, flop, pote et lotE
100%
fêter, flop, pote et lotF
100%
fêter, flop, pote et lotI
100%
fêter, flop, pote et lotN
100%
fêter, flop, pote et lotO
100%
fêter, flop, pote et lotP
100%
fêter, flop, pote et lotS
100%
fêter, flop, pote et lotS
100%
fêter, flop, pote et lotT
100%
fêter, flop, pote et lotT
100%
fêter, flop, pote et lotU
100%
fêter, flop, pote et lotL
98%
fêter, flop, pote et lotO
98%
fêter, flop, pote et lotO
98%
fêter, flop, pote et lotO
98%
fêter, flop, pote et lotP
98%
fêter, flop, pote et lotR
98%
fêter, flop, pote et lotT
98%
fêter, flop, pote et lotL
95%
fêter, flop, pote et lotE
93%
fêter, flop, pote et lotL
93%
fêter, flop, pote et lotO
93%

Distribution des résultats

Percentile par nombre de réponses

% des personnes avec chaque résultat

Votre développement - résultats

Vous n’avez pas pris ce quiz